Normal view
MARC view
- Allison, Elle,
Entry Personal Name
001 - CONTROL NUMBER
- control field: 9246
003 - CONTROL NUMBER IDENTIFIER
- control field: OSt
005 - DATE AND TIME OF LATEST TRANSACTION
- control field: 20200915113104.0
008 - FIXED-LENGTH DATA ELEMENTS
- fixed length control field: 200915|| aca||aabn | a|a d
040 ## - CATALOGING SOURCE
- Original cataloging agency: OSt
- Transcribing agency: OSt
100 ## - HEADING--PERSONAL NAME
- Personal name: Allison, Elle,
- Dates associated with a name: 1960-
670 ## - SOURCE DATA FOUND
- Source citation: Work cat.: (OSt): Reeves, Douglas B. 1953- 9243, Renewal coaching :, 2009.

PORTAL AKMAL
E-MEL JKDM
AKMAL2U
G-BAM
u-PUSTAKA